| 000 | 00000nam 2200000zi 4500 |
| 001 | 9.927537 |
| 003 | CaOODSP |
| 005 | 20240129151503 |
| 006 | m o d f |
| 007 | cr ||||||||||| |
| 008 | 230919s202310 onc ob f000 0 eng d |
| 020 | |a9780660680088 |
| 040 | |aCaOODSP|beng|erda|cCaOODSP |
| 043 | |an-cn--- |
| 086 | 1 |aH139-54/22-2023E-PDF |
| 245 | 00|aChanges to the registration of permethrin pesticides (uses on structures). |
| 264 | 1|a[Ottawa] : |bHealth Canada = Santé Canada, |cOctober 2023. |
| 300 | |a1 online resource (2 unnumbered pages) |
| 336 | |atext|btxt|2rdacontent |
| 337 | |acomputer|bc|2rdamedia |
| 338 | |aonline resource|bcr|2rdacarrier |
| 500 | |aIssued also in French under title: Changements à l'homologation des pesticides contenant de la perméthrine (usages sur les structures). |
| 500 | |a« PUB.: 230407. » |
| 504 | |aIncludes bibliographical references. |
| 650 | 0|aInsecticides|xGovernment policy|zCanada. |
| 650 | 0|aInsecticides|xLabeling|zCanada. |
| 650 | 0|aInsecticides|xRisk mitigation|zCanada. |
| 710 | 1 |aCanada. |bHealth Canada, |eissuing body. |
| 775 | 08|tChangements à l'homologation des pesticides contenant de la perméthrine (usages sur les structures).|w(CaOODSP)9.927539 |
| 856 | 40|qPDF|s233 KB|uhttps://publications.gc.ca/collections/collection_2024/sc-hc/H139-54-22-2023-eng.pdf |
| 856 | 4 |qHTML|sN/A|uhttps://www.canada.ca/en/health-canada/services/publications/product-safety/changes-registration-permethrin-pesticides-uses-structures.html |